| 000 | 01091nam a22002177a 4500 | ||
|---|---|---|---|
| 003 | PILC | ||
| 005 | 20240419085358.0 | ||
| 008 | 240419b |||||||| |||| 00| 0 eng d | ||
| 010 | _aAcc#48888 | ||
| 020 | _a1564760170 | ||
| 040 | _cPhilippine Baptist Theological Seminary | ||
| 050 |
_aBT 785 _bM33 1992 |
||
| 100 |
_aMacArthur, Jr., John _eAuthor |
||
| 245 | _aSaved without a doubt / | ||
| 264 |
_aU.S.A. : _bVictor Books, _c©1992. |
||
| 300 |
_a187 pages : _c22 cm. |
||
| 504 | _aIncludes indexes. | ||
| 505 | _aPart 1: Is it a done deal?: What the bible teaches about the lasting nature of salvation 1. A collective work 2. Those troubling verses 3. The ties that bind 4. The inevitable glory Part 2: Is it real?: How you can tell whether you are truly a Christian 5. Eleven tests from an Apostolic expert Part 3: Is it something I can feel?: How you can experience the assurance of a secure salvation 6. Dealing with doubt 7. Adding virtue upon virtue 8. Gaining victory 9. Persevering through it all | ||
| 650 | _aAssurance (Theology) | ||
| 942 |
_2lcc _cCB |
||
| 999 |
_c74961 _d74961 |
||